| 000 | 01468nam a22003617a 4500 | ||
|---|---|---|---|
| 001 | 23395 | ||
| 003 | BD-RjUL | ||
| 005 | 20211209000926.0 | ||
| 008 | 140310s1960 ca b 001 0deng d | ||
| 035 |
_a(BD-RjUL)23460 _a(OCoLC)ocn123892209 |
||
| 040 |
_aNLC _beng _cNLC _dBTCTA _dDLC _dBD-RjUL |
||
| 041 | _aeng | ||
| 082 | 0 | 4 |
_a971.1302 _222 _bFRL 1960 |
| 100 | 1 |
_aFraser, Simon, _d1776-1862. _972046 |
|
| 245 | 1 | 4 |
_aThe letters and journals of Simon Fraser, 1806-1808 / _cedited and introduced by W. Kaye Lamb. |
| 260 |
_aToronto : _bDundurn Press, _cc1960. |
||
| 300 |
_a392 p. ; _c22 cm. |
||
| 504 | _aIncludes bibliographical references and index. | ||
| 600 | 1 | 0 |
_aFraser, Simon, _d1776-1862 _xTravel _zBritish Columbia _zFraser River. _972061 |
| 600 | 1 | 0 |
_aFraser, Simon, _d1776-1862. _972062 |
| 600 | 1 | 6 |
_aFraser, Simon, _d1776-1862 _xVoyages _zColombie-Britannique _zFraser, Fleuve. _972063 |
| 600 | 1 | 6 |
_aFraser, Simon, _d1776-1862. _972064 |
| 650 | 0 |
_aExplorers _zCanada _vBiography. _972051 |
|
| 650 | 6 |
_aExplorateurs _zCanada _vBiographies. _972052 |
|
| 651 | 0 |
_aFraser River (B.C.) _xDescription and travel. _972053 |
|
| 651 | 0 |
_aBritish Columbia _xDiscovery and exploration. _972054 |
|
| 651 | 6 |
_aFraser, Fleuve (C.-B.) _xDescriptions et voyages. _972055 |
|
| 651 | 6 |
_aColombie-Britannique _xDécouverte et exploration. _972056 |
|
| 700 | 1 |
_aLamb, W. Kaye _q(William Kaye), _d1904- _972057 |
|
| 942 |
_2ddc _cBK |
||
| 999 |
_c23395 _d23395 |
||